Top 4 colocados do Campeonato Mundial de Voleibol Masculino - Statistics

Estatísticas Gerais
  • Esse quiz foi jogado 433 vezes
    355 desde o último reset
  • A pontuação média é 17 de 21
Estatísticas das Respostas
Winner % Correto
Brasil
100%
Itália
98%
Estados Unidos
96%
França
96%
Japão
96%
Polônia
96%
Argentina
95%
Rússia
93%
União Soviética
91%
Alemanha
90%
Bulgária
82%
Cuba
81%
Checoslováquia
79%
Sérvia
79%
Eslovênia
76%
Países Baixos
71%
Coreia do Sul
63%
Romênia
62%
República Federal da Iugoslávia
40%
Alemanha Oriental
35%
Sérvia e Montenegro
32%
Nenhum quiz correspondente encontrado
Distribuição das Pontuações
Porcentagem de Pessoas com Cada Pontuação
Percentil de Números Respondidos
Sua Pontuação Histórica
Você não jogou esse quiz desde o último reset